00889nam a22002897 4500001000900000003000900009005001700018007000900035008004100044016001300085017000900098020001500107035000600122040002500128080000600153100002900159245008500188260003700273300002900310500003900339700002400378942001200402945002700414952010500441956003800546999001500584 0799421DO-SdBNP20180301133427.0 0799421980226s1996 sp | ||| ||spa 7 a 2BPMSU a b  a8434220091 a  aBPMSUbspacBPMSUe  a 1 aComella, Àngelsd1957-10aMe gusta el azul /cM. Àngels Comella ; director de producción Rafael Marfi  aBarcelona : bParramón, c1996 a31 p. : b il. ; c31 cm aPara niños a partir de 4 años  aMarfi, Rafael eed. 2ddccBK aInventariado, 2018/MFF 00102ddc40708CI-GaBPMETbBPMETd2016-04-19eFUNDIl0pBPMSU16040547r2016-04-19w2016-04-19yBK aVMATEO2103201604196BPMSU80069 c9839d9839